Carbon Nanotubes for Interconnects (Запис № 446538)

МАРК-запис
000 -LEADER
fixed length control field 04603nam a22005775i 4500
001 - CONTROL NUMBER
control field 978-3-319-29746-0
003 - CONTROL NUMBER IDENTIFIER
control field DE-He213
005 - DATE AND TIME OF LATEST TRANSACTION
control field 20210118124431.0
007 - PHYSICAL DESCRIPTION FIXED FIELD--GENERAL INFORMATION
fixed length control field cr nn 008mamaa
008 - FIXED-LENGTH DATA ELEMENTS--GENERAL INFORMATION
fixed length control field 160709s2017 gw | s |||| 0|eng d
020 ## - INTERNATIONAL STANDARD BOOK NUMBER
International Standard Book Number 9783319297460
-- 978-3-319-29746-0
024 7# - OTHER STANDARD IDENTIFIER
Standard number or code 10.1007/978-3-319-29746-0
Source of number or code doi
050 #4 - LIBRARY OF CONGRESS CALL NUMBER
Classification number TK7888.4
072 #7 - SUBJECT CATEGORY CODE
Subject category code TJFC
Source bicssc
072 #7 - SUBJECT CATEGORY CODE
Subject category code TEC008010
Source bisacsh
072 #7 - SUBJECT CATEGORY CODE
Subject category code TJFC
Source thema
082 04 - DEWEY DECIMAL CLASSIFICATION NUMBER
Classification number 621.3815
Edition number 23
245 10 - TITLE STATEMENT
Title Carbon Nanotubes for Interconnects
Medium [electronic resource] :
Remainder of title Process, Design and Applications /
Statement of responsibility, etc edited by Aida Todri-Sanial, Jean Dijon, Antonio Maffucci.
250 ## - EDITION STATEMENT
Edition statement 1st ed. 2017.
264 #1 -
-- Cham :
-- Springer International Publishing :
-- Imprint: Springer,
-- 2017.
300 ## - PHYSICAL DESCRIPTION
Extent XII, 333 p. 167 illus., 133 illus. in color.
Other physical details online resource.
336 ## -
-- text
-- txt
-- rdacontent
337 ## -
-- computer
-- c
-- rdamedia
338 ## -
-- online resource
-- cr
-- rdacarrier
347 ## -
-- text file
-- PDF
-- rda
505 0# - FORMATTED CONTENTS NOTE
Formatted contents note Interconnect challenges for 2D and 3D Integration -- Overview of Carbon Nanotube Physical Properties -- Overview of Carbon Nanotube Processing Methods -- Electrical Conductivity of Carbon Nanotubes – Modeling and Characterization -- Computational Studies of Thermal Transport Properties of Carbon Nanotube Material -- Overview of Carbon Nanotubes for Horizontal On-Chip Interconnects -- Carbon Nanotubes as Vertical Interconnects for 3D ICs -- Carbon Nanotubes as Micro-Bumps for 3D Integration -- Electrothermal Modeling of Carbon Nanotubes TSVs -- Exploring Carbon Nanotubes for 3D Power Delivery Networks -- Carbon Nanotubes for Monolithic 3D ICs.
520 ## - SUMMARY, ETC.
Summary, etc This book provides a single-source reference on the use of carbon nanotubes (CNTs) as interconnect material for horizontal, on-chip and 3D interconnects. The authors demonstrate the uses of bundles of CNTs, as innovative conducting material to fabricate interconnect through-silicon vias (TSVs), in order to improve the performance, reliability and integration of 3D integrated circuits (ICs). This book will be first to provide a coherent overview of exploiting carbon nanotubes for 3D interconnects covering aspects from processing, modeling, simulation, characterization and applications. Coverage also includes a thorough presentation of the application of CNTs as horizontal on-chip interconnects which can potentially revolutionize the nanoelectronics industry. This book is a must-read for anyone interested in the state-of-the-art on exploiting carbon nanotubes for interconnects for both 2D and 3D integrated circuits. Provides a single-source reference on carbon nanotubes for interconnect applications; Includes complete coverage of current Cu-based interconnect problems for both 2D and 3D interconnects; Covers topics from modeling, simulation, analysis, design and characterization, in order to provide a broad view of the application of carbon nanotubes for interconnects.
506 ## - RESTRICTIONS ON ACCESS NOTE
Terms governing access Available to subscribing member institutions only. Доступно лише організаціям членам підписки.
506 ## - RESTRICTIONS ON ACCESS NOTE
Standardized terminology for access restriction Online access from local network of NaUOA.
506 ## - RESTRICTIONS ON ACCESS NOTE
Standardized terminology for access restriction Online access with authorization at https://link.springer.com/
506 ## - RESTRICTIONS ON ACCESS NOTE
Standardized terminology for access restriction Онлайн-доступ з локальної мережі НаУОА.
506 ## - RESTRICTIONS ON ACCESS NOTE
Standardized terminology for access restriction Онлайн доступ з авторизацією на https://link.springer.com/
650 #0 - SUBJECT ADDED ENTRY--TOPICAL TERM
Topical term or geographic name as entry element Electronic circuits.
650 #0 - SUBJECT ADDED ENTRY--TOPICAL TERM
Topical term or geographic name as entry element Microprocessors.
650 14 - SUBJECT ADDED ENTRY--TOPICAL TERM
Topical term or geographic name as entry element Circuits and Systems.
-- http://scigraph.springernature.com/things/product-market-codes/T24068
650 24 - SUBJECT ADDED ENTRY--TOPICAL TERM
Topical term or geographic name as entry element Processor Architectures.
-- http://scigraph.springernature.com/things/product-market-codes/I13014
650 24 - SUBJECT ADDED ENTRY--TOPICAL TERM
Topical term or geographic name as entry element Electronic Circuits and Devices.
-- http://scigraph.springernature.com/things/product-market-codes/P31010
700 1# - ADDED ENTRY--PERSONAL NAME
Personal name Todri-Sanial, Aida.
Relator term editor.
Relator code edt
-- http://id.loc.gov/vocabulary/relators/edt
700 1# - ADDED ENTRY--PERSONAL NAME
Personal name Dijon, Jean.
Relator term editor.
Relator code edt
-- http://id.loc.gov/vocabulary/relators/edt
700 1# - ADDED ENTRY--PERSONAL NAME
Personal name Maffucci, Antonio.
Relator term editor.
Relator code edt
-- http://id.loc.gov/vocabulary/relators/edt
710 2# - ADDED ENTRY--CORPORATE NAME
Corporate name or jurisdiction name as entry element SpringerLink (Online service)
773 0# - HOST ITEM ENTRY
Title Springer eBooks
776 08 - ADDITIONAL PHYSICAL FORM ENTRY
Display text Printed edition:
International Standard Book Number 9783319297446
776 08 - ADDITIONAL PHYSICAL FORM ENTRY
Display text Printed edition:
International Standard Book Number 9783319297453
776 08 - ADDITIONAL PHYSICAL FORM ENTRY
Display text Printed edition:
International Standard Book Number 9783319806426
856 40 - ELECTRONIC LOCATION AND ACCESS
Uniform Resource Identifier <a href="https://doi.org/10.1007/978-3-319-29746-0">https://doi.org/10.1007/978-3-319-29746-0</a>
912 ## -
-- ZDB-2-ENG
942 ## - ADDED ENTRY ELEMENTS (KOHA)
Koha item type ЕКнига

Немає доступних примірників.